[Event "Belgrade-chT Quality"]
[White "Popovic, Sava"]
[Black "Jovovic, Cedomir"]
[Site "Belgrade"]
[Round "4.6"]
[Result "1-0"]
[Date "2020.10.23"]
[WhiteElo "1871"]
[BlackElo "1920"]
[PlyCount "65"]
[EventDate "2020.10.09"]
[EventType "team-tourn"]
[EventRounds "9"]
[EventCountry "SRB"]
[SourceTitle "EXT 2022"]
[Source "ChessBase"]
[SourceDate "2021.10.06"]
[SourceVersion "1"]
[SourceVersionDate "2021.10.06"]
[SourceQuality "1"]
[WhiteTeam "Belgrade Teleoptik"]
[BlackTeam "Belgrade NBSK"]
[WhiteTeamCountry "SRB"]
[BlackTeamCountry "SRB"]

1. e4 e5 2. Nf3 Nf6 3. Nc3 Nc6 4. Bc4 Nxe4 5. Nxe4 d5 6. Bd3 dxe4 7. Bxe4 Be7 8. 0-0 Bg4 9. Bxc6+ bxc6 10. Qe2 0-0 11. Qxe5 Bxf3 12. gxf3 Bd6 13. Qf5 Qh4 14. h3 h5 15. d3 Be7 16. Re1 g6 17. Qf4 Qf6 18. Rb1 Rfe8 19. Bd2 Qd6 20. Re4 Bf6 21. b3 Bg7 22. Rbe1 Rxe4 23. Rxe4 Qd7 24. Kg2 Rb8 25. Bb4 Bf8 26. Bxf8 Rxf8 27. Qf6 Re8 28. Qd4 Qc8 29. Qxa7 Rd8 30. Qe3 Qf5 31. Qf4 Qc8 32. Qf6 Rf8 33. Rc4 1-0

[Event "Belgrade-chT Quality"]
[White "Simonovic, Miroslav"]
[Black "Popovic, Sava"]
[Site "Belgrade"]
[Round "8.4"]
[Result "1/2-1/2"]
[Date "2019.10.27"]
[WhiteElo "2174"]
[BlackElo "1880"]
[PlyCount "80"]
[EventDate "2019.10.05"]
[EventType "team-tourn"]
[EventRounds "11"]
[EventCountry "SRB"]
[SourceTitle "EXT 2022"]
[Source "ChessBase"]
[SourceDate "2021.10.06"]
[SourceVersion "1"]
[SourceVersionDate "2021.10.06"]
[SourceQuality "1"]
[WhiteTeam "Belgrade Politika"]
[BlackTeam "Teleoptik"]
[WhiteTeamCountry "SRB"]
[BlackTeamCountry "SRB"]

1. c4 e6 2. e4 c6 3. e5 Qb6 4. d4 Bb4+ 5. Nc3 Bxc3+ 6. bxc3 c5 7. f4 Ne7 8. Nf3 d6 9. Qb3 Nd7 10. Bd3 Qxb3 11. axb3 dxe5 12. fxe5 0-0 13. Ba3 b6 14. Be4 Rb8 15. b4 cxd4 16. cxd4 Rd8 17. b5 Nf5 18. Ke2 Bb7 19. Bxf5 Bxf3+ 20. gxf3 exf5 21. Bd6 Rb7 22. f4 Re8 23. Kd3 Rc8 24. Rhc1 Nf8 25. Rab1 Ne6 26. Ke3 Nc7 27. d5 Rd8 28. Kd4 Ne8 29. Ba3 Rbd7 30. Ke3 Nc7 31. d6 Ne6 32. c5 bxc5 33. Bxc5 Kf8 34. Ra1 Rb7 35. Rxa7 Nxc5 36. b6 Rxa7 37. bxa7 Nd7 38. Rc7 Ke8 39. Rb7 Rc8 40. Kd4 Kd8 1/2-1/2